Missing Lyrics - One Direction - Perfect - Statistics

General Stats
  • This quiz has been taken 509 times
  • The average score is 15 of 24
Answer Stats
Fill the missing lyrics % Correct
When I first {saw} you from across the room
93%
I might never be a {knight} in shining armour
92%
But I can {be the one}, be the one tonight
89%
Girl, I hope you’re {sure} what you're looking for
84%
Then baby, {I'm perfect}. Baby, {I'm perfect} for you
84%
And I might never be the one who {brings you flowers}
81%
Cause I'm not good at {making promises}
81%
If you like to do the things {you know} that we shouldn’t do
80%
I might never be the one you {take home to mother}
78%
But if you like {causing trouble} up in hotel rooms
77%
I could tell that {you were curious}
77%
And if you like going places we {can’t even pronounce}
70%
And if you like having secret little {rendezvous}
65%
And if you like {midnight driving} with the windows down
62%
If you like to {do whatever} you've been dreaming about
49%
Then baby, {you're perfect}. Baby, {you're perfect}
48%
I might never be the {hands} you put your heart in
45%
So, {let's start right now}.
45%
Baby, I'm perfect. Baby, {we're perfect}
43%
'Cause I can be the one {you love} from time to time
42%
Or the {arms} that hold you any time you want them
42%
But that {don’t mean} that we can’t live here in the moment
40%
And if you like {cameras flashing} every time we go out, oh yeah
36%
And if you're looking for someone to {write your break-up songs about}
30%
No matching quizzes found
Score Distribution
Percent of People with Each Score
Percentile by Number Answered
Your Score History
You have not taken this quiz